<?xml version="1.0" encoding="UTF-8"?>
<collection xmlns="http://www.loc.gov/MARC21/slim">
 <record>
  <leader>02150nam a2200217 a 4500</leader>
  <controlfield tag="001">1/48469</controlfield>
  <controlfield tag="008">190308s1999    xx            00010 eng  </controlfield>
  <datafield tag="020" ind1=" " ind2=" ">
   <subfield code="a">9604261428</subfield>
  </datafield>
  <datafield tag="035" ind1=" " ind2=" ">
   <subfield code="l">51466</subfield>
  </datafield>
  <datafield tag="040" ind1=" " ind2=" ">
   <subfield code="a">GR-PeUP</subfield>
  </datafield>
  <datafield tag="082" ind1="0" ind2="0">
   <subfield code="a">910.41 ΤΟΥ</subfield>
  </datafield>
  <datafield tag="100" ind1="1" ind2=" ">
   <subfield code="a">Τουρκοβασίλη - Γαλανού, Ρεβέκα.</subfield>
  </datafield>
  <datafield tag="245" ind1="1" ind2="0">
   <subfield code="a">Προς Ανατολάς /</subfield>
   <subfield code="c">Ρεβέκα Γαλανού - Τουρκοβασίλη.</subfield>
  </datafield>
  <datafield tag="260" ind1="0" ind2=" ">
   <subfield code="a">Αθήνα :</subfield>
   <subfield code="b">Ιωλκός,</subfield>
   <subfield code="c">1999.</subfield>
  </datafield>
  <datafield tag="300" ind1=" " ind2=" ">
   <subfield code="a">364 σ. :</subfield>
   <subfield code="b">εικ. ;</subfield>
   <subfield code="c">21 εκ.</subfield>
  </datafield>
  <datafield tag="520" ind1="0" ind2=" ">
   <subfield code="a">Ταξιδεύοντας «Προς Ανατολάς» η συγγραφέας αφηγείται με παρατηρητικότητα και φαντασία τις εντυπώσεις της. Ξεφεύγει από τις κοινότυπες λεπτομέρειες και προλαβαίνει τον αναγνώστη στις αναζητήσεις και τα ερωτήματά του, καταγράφοντας στο βιβλίο αυτό με λόγο μεστό τις εμπειρίες της. Εμπειρίες, βιωμένες στις κοινωνικοοικονομικές, πολιτικές και πολιτισμικές διαστάσεις τους. Από τη θρυλική Βασιλεύουσα και τη μαρτυρική Κύπρο ώς την Κούβα και τη μακρινή Αυστραλία, από την πνευματική Ινδία και την Κεϋλάνη ώς την Κίνα και την Ιαπωνία, από τη Σκοτία και τη Φινλανδία ώς το Ισραήλ και τη Λιβύη. Ένα ατέλειωτο ταξίδι με πινελιές αδρές και ζωντανές, γεμάτο μνήμες.</subfield>
  </datafield>
  <datafield tag="650" ind1=" " ind2="4">
   <subfield code="a">Ταξίδια και περιηγήσεις.</subfield>
  </datafield>
  <datafield tag="650" ind1=" " ind2="4">
   <subfield code="a">Voyages and travels.</subfield>
  </datafield>
  <datafield tag="651" ind1=" " ind2="4">
   <subfield code="a">Ανατολή</subfield>
   <subfield code="x">Περιγραφή και ταξίδια.</subfield>
  </datafield>
  <datafield tag="651" ind1=" " ind2="0">
   <subfield code="a">Orient</subfield>
   <subfield code="x">Description and travel.</subfield>
  </datafield>
  <datafield tag="852" ind1=" " ind2=" ">
   <subfield code="a">INST</subfield>
   <subfield code="b">UNIPILB</subfield>
   <subfield code="c">MAIN</subfield>
   <subfield code="e">20190308</subfield>
   <subfield code="h">910.41 ΤΟΥ</subfield>
   <subfield code="p">00180355</subfield>
   <subfield code="q">00180355</subfield>
   <subfield code="t">LOAN</subfield>
   <subfield code="y">0</subfield>
   <subfield code="4">1</subfield>
  </datafield>
 </record>
</collection>
